VOLUME II SECOND CUSTOM EDITION FOR UNIVERSITY OF PITTSBURGH:UNIVERSITY PHYSICS (Record no. 189631)

MARC details
000 -LEADER
fixed length control field 00615nam a2200205Ia 4500
003 - CONTROL NUMBER IDENTIFIER
control field OSt
005 - DATE AND TIME OF LATEST TRANSACTION
control field 20260224101924.0
020 ## - INTERNATIONAL STANDARD BOOK NUMBER
International Standard Book Number 978-0-536-83125-4
040 ## - CATALOGING SOURCE
Transcribing agency LC
050 ## - LIBRARY OF CONGRESS CALL NUMBER
Classification number QC 21.2 .F74 2004
100 ## - MAIN ENTRY--PERSONAL NAME
Personal name FREEDMAN, YOUNG
245 #0 - TITLE STATEMENT
Title VOLUME II SECOND CUSTOM EDITION FOR UNIVERSITY OF PITTSBURGH:UNIVERSITY PHYSICS
250 ## - EDITION STATEMENT
Edition statement 11
260 ## - PUBLICATION, DISTRIBUTION, ETC.
Place of publication, distribution, etc. SAN FRANCISCO,
Name of publisher, distributor, etc. PEARSON EDUCATION, INC,
Date of publication, distribution, etc. 2004,
300 ## - PHYSICAL DESCRIPTION
Extent XX, 1622 P, ILL
500 ## - GENERAL NOTE
General note INCLUDES BIBLIOGRAPHICAL REFERENCES AND INDEX
650 ## - SUBJECT ADDED ENTRY--TOPICAL TERM
Topical term or geographic name entry element Physics-Textbooks
700 ## - ADDED ENTRY--PERSONAL NAME
Personal name YOUNG HUGH D, FREEDMAN ROGER A, FORD LEWIS A
942 ## - ADDED ENTRY ELEMENTS (KOHA)
Koha item type Long Loan Book
Source of classification or shelving scheme Library of Congress Classification
Holdings
Withdrawn status Lost status Source of classification or shelving scheme Damaged status Not for loan Collection Home library Current library Shelving location Date acquired Inventory number Total checkouts Full call number Barcode Date last seen Copy number Price effective from Koha item type
    Library of Congress Classification     Science & Technology Kisii University Library Kisii University Library On Display 09/15/2023 56756   QC 21.2 .F 24 2004 046210 09/15/2023 1 09/15/2023 Long Loan Book